000 00941nas a2200313 4500
001 BR2022000995
003 BR-BrBNA
005 20231205132329.0
007 ta
008 230509b bl.|||p| |||| 00| 00por d
040 _aBR-BrBNA
_bpor
_cBiblioteca Nacional de Agricultura
041 _a(En)
072 _aH60; U10; F50
100 1 _aCarvalho, L.B.
100 1 _aAlves, E.A.
100 1 _aBianco, S.
245 1 _aNon-destructive model to predict Commelina diffusa leaf area
650 _aERVA DANINHA
650 _aCRESCIMENTO
650 _aBIOMETRIA
650 _aMODELO MATEMÁTICO
650 _aMÉTODO DE ANÁLISE
650 _aTRAPOERABA
650 _aCOMMELINA
773 0 _tPlanta Daninha (Brazil)
_xISSN 1806-9681
_g(2017), v. 35 p. 1-5
_wBR2022000995
856 4 0 _uhttps://www.scielo.br/j/pd/a/wSGy34CHM3Qr4dzW7PrjDBK/?format=pdf lang=en
909 _a202311
_bLúcia
_c55
_dLúcia Elande
942 _2AGRIS
_n0
_cANA
999 _c259741
_d259741